00309nam a22000977a 4500041000800000082001900008100002400027245011600051260002500167300001900192 aeng 2DS 371.8109541 aSungoh, Sherwin May aSurvey Of The Educational and Vocational Aspirations of Doordarshan-Viewing pre-university Students in Shillong aShillongbNEHUc1987 aI,17.:c27Ccm.